[Event "SVK-chT1E 0607"]
[Site "Slovakia"]
[Date "2006.12.02"]
[Round "5.5"]
[White "Zagrapan, Pavol"]
[Black "Dobes, Milan"]
[Result "1-0"]
[WhiteElo "2172"]
[BlackElo "2061"]
[PlyCount "51"]
[EventDate "2006.10.07"]
[EventType "team-tourn"]
[EventRounds "11"]
[EventCountry "SVK"]
[SourceTitle "EXT 2008"]
[Source "ChessBase"]
[SourceDate "2007.11.25"]
[SourceVersion "1"]
[SourceVersionDate "2007.11.25"]
[SourceQuality "1"]
[WhiteTeam "Dunajov Inbest"]
[BlackTeam "Teplice Slovan Rajecke"]
[WhiteTeamCountry "SVK"]
[BlackTeamCountry "SVK"]

1. e4 e6 2. d4 d5 3. Nc3 Bb4 4. a3 Bxc3+ 5. bxc3 dxe4 6. f3 Bd7 7. Nh3 Bc6 8. Be2 Nf6 9. 0-0 h6 10. Bb2 Nbd7 11. c4 Nb6 12. d5 exd5 13. fxe4 dxe4 14. Qe1 Nbd7 15. Qg3 0-0 16. Rad1 Kh7 17. Bxf6 gxf6 18. Bg4 f5 19. Bxf5+ Kh8 20. Qf4 Qf6 21. Bxd7 Qxf4 22. Nxf4 Bxd7 23. Rxd7 Rad8 24. Rfd1 Rxd7 25. Rxd7 f5 26. Ng6+ 1-0

[Event "SVK-chT1E 0607"]
[Site "Slovakia"]
[Date "2006.10.07"]
[Round "1.3"]
[White "Dobes, Milan"]
[Black "Najgebauer, Szemjon"]
[Result "0-1"]
[WhiteElo "2061"]
[BlackElo "2100"]
[PlyCount "72"]
[EventDate "2006.10.07"]
[EventType "team-tourn"]
[EventRounds "11"]
[EventCountry "SVK"]
[SourceTitle "EXT 2008"]
[Source "ChessBase"]
[SourceDate "2007.11.25"]
[SourceVersion "1"]
[SourceVersionDate "2007.11.25"]
[SourceQuality "1"]
[WhiteTeam "Teplice Slovan Rajecke"]
[BlackTeam "Kosice Slavia UPJS II"]
[WhiteTeamCountry "SVK"]
[BlackTeamCountry "SVK"]

1. e4 c5 2. Nf3 Nc6 3. d4 cxd4 4. c3 dxc3 5. Nxc3 d6 6. Bc4 e6 7. 0-0 a6 8. Qe2 Be7 9. Rd1 b5 10. Bb3 Qc7 11. Bf4 Na5 12. Rac1 Qb8 13. Bc2 e5 14. Be3 Nf6 15. a4 b4 16. Nd5 Nxd5 17. exd5 Bd7 18. b3 Nb7 19. Qd2 a5 20. Bb1 Qd8 21. h3 f5 22. Bg5 0-0 23. Bxe7 Qxe7 24. Qe2 Nc5 25. Nd2 e4 26. g3 Rae8 27. Qe3 g5 28. Qd4 Qf6 29. Qxf6 Rxf6 30. Re1 Rff8 31. Kh2 Bc8 32. Rcd1 Ba6 33. Nc4 Bxc4 34. bxc4 Nxa4 35. Bc2 Nc5 36. Ra1 b3 0-1

[Event "SVK-chT1E 0506"]
[Site "Slovakia"]
[Date "2005.12.03"]
[Round "5"]
[White "Dobes, Milan"]
[Black "Zvarik, Martin"]
[Result "1/2-1/2"]
[WhiteElo "2063"]
[BlackElo "2095"]
[PlyCount "79"]
[EventDate "2005.10.15"]
[EventType "team"]
[EventRounds "11"]
[EventCountry "SVK"]
[SourceTitle "EXT 2009"]
[Source "ChessBase"]
[SourceDate "2008.11.26"]
[SourceVersion "1"]
[SourceVersionDate "2008.11.26"]
[SourceQuality "1"]

1. e4 e5 2. Nf3 Nc6 3. Bb5 a6 4. Ba4 Nf6 5. d4 exd4 6. 0-0 Be7 7. e5 Ne4 8. Nxd4 Nc5 9. Bxc6 bxc6 10. Nf5 0-0 11. Re1 Ne6 12. Nxe7+ Qxe7 13. b3 Re8 14. Ba3 c5 15. Nc3 Bb7 16. Ne4 Rad8 17. Qd2 d6 18. exd6 cxd6 19. Rad1 Qh4 20. Ng3 Qg4 21. Bc1 h5 22. Qe2 Qxe2 23. Nxe2 f6 24. c3 Be4 25. Be3 d5 26. Ng3 Bg6 27. Ne2 d4 28. cxd4 cxd4 29. Bd2 Kf7 30. f3 d3 31. Nf4 Nxf4 32. Bxf4 Rf8 33. Kf2 Rd5 34. Bd2 Rc5 35. Rc1 Rfc8 36. Rxc5 Rxc5 37. Rc1 Rc2 38. Rxc2 dxc2 39. Ke3 Ke6 40. Kd4 1/2-1/2